Economic geology of the Georgetown quadrangle (together with the Empire district) Colorado, (Record no. 24810)

MARC details
000 -LEADER
fixed length control field 01062cam a22002771 4500
001 - CONTROL NUMBER
control field gs 09000056
003 - CONTROL NUMBER IDENTIFIER
control field DLC
005 - DATE AND TIME OF LATEST TRANSACTION
control field 20260227111308.0
008 - FIXED-LENGTH DATA ELEMENTS--GENERAL INFORMATION
fixed length control field 780524s1908 dcuabef f001 0 eng
010 ## - LIBRARY OF CONGRESS CONTROL NUMBER
LC control number gs 09000056
035 ## - SYSTEM CONTROL NUMBER
System control number (OCoLC)3925174
040 ## - CATALOGING SOURCE
Original cataloging agency DLC
Transcribing agency USlW
Modifying agency OCoLC
-- DLC
042 ## - AUTHENTICATION CODE
Authentication code premarc
050 00 - LIBRARY OF CONGRESS CALL NUMBER
Classification number TN24.C6
Item number S8 no. 63
082 ## - DEWEY DECIMAL CLASSIFICATION NUMBER
Classification number 557.3
100 1# - MAIN ENTRY--PERSONAL NAME
Personal name Spurr, Josiah Edward,
Dates associated with a name 1870-1950.
245 10 - TITLE STATEMENT
Title Economic geology of the Georgetown quadrangle (together with the Empire district) Colorado,
Statement of responsibility, etc. by Josiah E. Spurr and George H. Garrey: with general geology, by Sydney H. Ball.
260 ## - PUBLICATION, DISTRIBUTION, ETC.
Place of publication, distribution, etc. Washington,
Name of publisher, distributor, etc. Govt. Print. Off.,
Date of publication, distribution, etc. 1908.
300 ## - PHYSICAL DESCRIPTION
Extent 422 p.
Other physical details illus., LXXXVII pl. (part fold., incl. maps, plans) diagrs.
Dimensions 29 x 23 cm.
410 20 - SERIES STATEMENT/ADDED ENTRY--CORPORATE NAME [OBSOLETE, CAN/MARC], [LOCAL, USA]
Corporate name or jurisdiction name as entry element Geological Survey (U.S.).
Title of a work Professional paper
Volume number/sequential designation 63
500 ## - GENERAL NOTE
General note Four folded plates, including 2 maps, in pocket.
650 #0 - SUBJECT ADDED ENTRY--TOPICAL TERM
Topical term or geographic name entry element Mines and mineral resources
Geographic subdivision Colorado.
650 #0 - SUBJECT ADDED ENTRY--TOPICAL TERM
Topical term or geographic name entry element Geology
Geographic subdivision Colorado.
700 1# - ADDED ENTRY--PERSONAL NAME
Personal name Garrey, George H.,
Dates associated with a name 1886-
700 1# - ADDED ENTRY--PERSONAL NAME
Personal name Ball, Sydney Hobart,
Dates associated with a name 1877-1949.

No items available.

Powered by Koha